00723nam a2200181Ia 450000500170000000800410001702000180005805000150007610000270009124500730011825000180019126000720020930000380028150001230031965000450044265000220048770000320050920231102150825.0120626t2002 EU A e 000 0 ENG d a1-84216-682-4 aPE1128 E8510aEVANS, Virginia, autor10aClick on 1b : Student´s bookc / Virginia Evans y Neil O´Sullivan a2a. edición aEstados Unidos : Express Publishingb : Express Publishingc , 2002 a157 páginas.b : il.c ; 29 cm. aContiene : CD-AUDIO. contents table, irregular verbs, word lista, photo file section and exploring the UK and the USA.10aINGLESvLIBRO DE TEXTO PARA EXTRANJEROS 20aINGLESvGRAMATICA10aO´SULLIVAN, Neil, coautor.